00464nam a2200169Ia 450000500170000000800410001704000190005804100120007708200190008910000170010824500710012526000400019630000100023650400190024665000190026585000100028420221117104536.0131103s9999 xx 000 0 und d aLoreto College aEnglish a821.7bKEA-RID aRidley. M.R. aKeats' craftsmanshipb A study in poetic Development cM.R. Ridley aLondonbUniversity paperbacksc1964 a314p  aIncludes index aEnglish poetry aLCLIB